| 000 | 00585nam a2200193 a 4500 | ||
|---|---|---|---|
| 005 | 20240803063733.0 | ||
| 008 | 991125s1969 es 000 0 spa u | ||
| 035 | _aUPN01000005515 | ||
| 049 | _aCG | ||
| 050 | 4 |
_aPQ6641 I64 _bB4 |
|
| 100 | 1 |
_aVillalonga, Lorenzo, _d1897- |
|
| 245 | 1 | 0 |
_aBearn, ó, La sala de las muñecas / _cLorenzo Villalonga. |
| 260 |
_aBarcelona [Esp.] : _bSeix Barral, _c1969. |
||
| 300 | _a406 p. | ||
| 440 | 0 |
_aBiblioteca breve de bolsillo. _pLibros de enlace ; _v38 |
|
| 650 | 4 |
_aNovela española _910814 |
|
| 740 | 3 | _aLa sala de las muñecas | |
| 905 | _aLibro | ||
| 999 |
_c5515 _d5515 |
||